Cane and bamboo products catalogue 2012 / (Record no. 4043)

MARC details
000 -LEADER
fixed length control field 00548nam a2200169 4500
001 - CONTROL NUMBER
control field 4863
005 - DATE AND TIME OF LATEST TRANSACTION
control field 20181127174309.0
020 00 - INTERNATIONAL STANDARD BOOK NUMBER
International Standard Book Number
090 00 - LOCALLY ASSIGNED LC-TYPE CALL NUMBER (OCLC); LOCAL CALL NUMBER (RLIN)
Classification number (OCLC) (R) ; Classification number, CALL (RLIN) (NR) 248.27 B5759c 2012
245 00 - TITLE STATEMENT
Title Cane and bamboo products catalogue 2012 /
Remainder of title
Statement of responsibility, etc. Agency for promotion of indigenous crafts.
Medium
260 00 - PUBLICATION, DISTRIBUTION, ETC.
Place of publication, distribution, etc. Thimphu :
Name of publisher, distributor, etc. Agency for promotion of indigenous crafts,
Date of publication, distribution, etc. 2012.
300 00 - PHYSICAL DESCRIPTION
Extent 66 p. ; 22 cm.
500 00 - GENERAL NOTE
General note
650 ## - SUBJECT ADDED ENTRY--TOPICAL TERM
Topical term or geographic name entry element Bamboo --Economic aspects
Form subdivision
General subdivision
Chronological subdivision
Geographic subdivision Bhutan.
Source of heading or term
Topical term or geographic name entry element Buddhist art and symbolism Bhutan Exhibitions.
General subdivision
Holdings
Withdrawn status Lost status Source of classification or shelving scheme Damaged status Not for loan Collection code Home library Current library Shelving location Serial Enumeration / chronology Inventory number Total Checkouts Full call number Barcode Date last seen Price effective from Koha item type
    Dewey Decimal Classification     Main TEST RTC Library RTC Library Main opac 7684   248.7 CAN 30008057 27/11/2018 27/11/2018 Main
Royal Thimphu College || All Right Reserved